Every Sid Meier's Civilization Leader - Statistics

General Stats
  • This quiz has been taken 148 times
    41 since last reset
  • The average score is 123 of 251
Answer Stats
Civilization Game Leader % Correct
American I Abraham Lincoln
100%
American II Abraham Lincoln
100%
American III Abraham Lincoln
100%
American IV Abraham Lincoln
100%
American VI Abraham Lincoln
100%
American IV Theodore Roosevelt
100%
American VI Theodore Roosevelt
100%
American IV George Washington
97%
American V George Washington
97%
American II Eleanor Roosevelt
89%
Indian II Indira Gandhi
86%
Indian I Mohandas Gandhi
86%
Indian II Mohandas Gandhi
86%
Indian III Mohandas Gandhi
86%
Indian IV Mohandas Gandhi
86%
Indian V Mohandas Gandhi
86%
Indian VI Mohandas Gandhi
86%
Mongolian I Genghis Khan
83%
Mongolian II Genghis Khan
83%
Mongolian IV Genghis Khan
83%
Mongolian V Genghis Khan
83%
Mongolian VI Genghis Khan
83%
Roman I Julius Caesar
83%
Roman II Julius Caesar
83%
Roman III Julius Caesar
83%
Roman IV Julius Caesar
83%
Roman VI Julius Caesar
83%
Aztec I Montezuma
83%
Aztec II Montezuma
83%
Aztec III Montezuma
83%
Aztec IV Montezuma
83%
Aztec V Montezuma
83%
Aztec VI Montezuma
83%
Greek I Alexander
81%
Greek II Alexander
81%
Greek III Alexander
81%
Greek IV Alexander
81%
Greek V Alexander
81%
Macedonian VI Alexander
81%
Egyptian II Cleopatra
78%
Egyptian III Cleopatra
78%
Egyptian VI Cleopatra
78%
Russian II Catherine the Great
75%
Russian III Catherine the Great
75%
Russian V Catherine the Great
75%
English I Elizabeth I
75%
English II Elizabeth I
75%
English III Elizabeth I
75%
English IV Elizabeth I
75%
English V Elizabeth I
75%
English VI Elizabeth I
75%
German III Bismarck
69%
German IV Bismarck
69%
German V Bismarck
69%
French I Napoleon
69%
French IV Napoleon
69%
French V Napoleon
69%
Zulu I Shaka
69%
Zulu II Shaka
69%
Zulu III Shaka
69%
Zulu IV Shaka
69%
Zulu V Shaka
69%
Zulu VI Shaka
69%
Chinese I Mao Zedong
67%
Chinese II Mao Zedong
67%
Chinese III Mao Zedong
67%
Chinese IV Mao Zedong
67%
Arabian II Saladin
67%
Arabian IV Saladin
67%
Arabian VI Saladin
67%
Ottoman IV Suleiman
67%
Ottoman V Suleiman
67%
Ottoman VI Suleiman
67%
Carthagian II Hannibal
64%
Carthagian III Hannibal
64%
Carthagian IV Hannibal
64%
Chinese VI Kublai Khan
64%
Mongolian IV Kublai Khan
64%
Mongolian VI Kublai Khan
64%
French II Louis XIV
64%
French IV Louis XIV
64%
Brazilian V Pedro II
64%
Brazilian VI Pedro II
64%
Egyptian I Ramesses
64%
Egyptian II Ramesses
64%
English IV Victoria
64%
English VI Victoria
64%
Carthagian II Dido
61%
Carthagian V Dido
61%
Phoenician VI Dido
61%
Babylonian I Hammurabi
61%
Babylonian II Hammurabi
61%
Babylonian III Hammurabi
61%
Babylonian IV Hammurabi
61%
Babylonian VI Hammurabi
61%
Russian I Joseph Stalin
61%
Russian IV Joseph Stalin
61%
Gran Colombian VI Simón Bolívar
61%
Persian II Xerxes
61%
Persian III Xerxes
61%
Celtic II Boudica
58%
Celtic IV Boudica
58%
Celtic V Boudica
58%
German I Frederick the Great
58%
Spanish II Isabella
58%
Spanish III Isabella
58%
Spanish IV Isabella
58%
Spanish V Isabella
58%
Russian IV Peter the Great
58%
Russian VI Peter the Great
58%
Hunnic V Attila
56%
Holy Roman Empire IV Charlemagne
56%
Japanese I Tokugawa
56%
Japanese II Tokugawa
56%
Japanese III Tokugawa
56%
Japanese IV Tokugawa
56%
Japanese VI Tokugawa
56%
Spanish II Philip II
53%
Spanish VI Philip II
53%
Roman VI Trajan
53%
Persian IV Cyrus
50%
Persian VI Cyrus
50%
Malian IV Mansa Musa
50%
Malian VI Mansa Musa
50%
Portuguese V Maria I
50%
Chinese IV Qin Shi Huang
50%
Chinese VI Qin Shi Huang
50%
Byzantine III Theodora
50%
Byzantine V Theodora
50%
Byzantine VI Theodora
50%
English IV Winston Churchill
50%
Sumerian III Gilgamesh
47%
Sumerian IV Gilgamesh
47%
Sumerian VI Gilgamesh
47%
Australian VI John Curtin
47%
Scottish VI Robert the Bruce
47%
Persian IV Darius I
44%
Persian V Darius I
44%
Byzantine IV Justinian I
44%
Austrian V Maria Theresa
44%
German II Maria Theresa
44%
Greek IV Pericles
44%
Greek VI Pericles
44%
French VI Catherine de Medici
42%
Indian VI Chandragupta
42%
Danish V Harald Bluetooth
42%
Cree VI Poundmaker
42%
Native American IV Sitting Bull
42%
Sioux II Sitting Bull
42%
Roman IV Augustus Caesar
39%
Roman V Augustus Caesar
39%
German VI Frederick Barbarossa
39%
Swedish V Gustavus Adolphus
39%
English II Henry VIII
39%
Ottoman IV Mehmed II
39%
Dutch VI Wilhelmina
39%
Chinese V Wu Zetian
39%
Chinese VI Wu Zetian
39%
Chinese II Wu Zhao
39%
English VI Eleanor of Aquitaine
36%
French VI Eleanor of Aquitaine
36%
Greek VI Gorgo
36%
Ethiopian V Haile Selassie
36%
Arabian V Harun al-Rashid
36%
Japanese V Oda Nobunaga
36%
Georgian VI Tamar
36%
Dutch III William of Orange
36%
Dutch IV William of Orange
36%
Dutch V William of Orange
36%
Norwegian VI Harald Hardrada
33%
Iroquois III Hiawatha
33%
Iroquois V Hiawatha
33%
Polish VI Jadwiga
33%
Portuguese IV João II
33%
Portuguese VI João III
33%
Polynesian V Kamehameha
33%
Swedish VI Kristina
33%
Hungarian VI Matthias Corvinus
33%
Ethiopian VI Menelik
33%
Babylonian V Nebuchadnezzar II
33%
Canadian VI Wilfrid Laurier
33%
Chinese VI Yongle
33%
Polish V Casimir III
31%
French IV Charles de Gaulle
31%
Venetian V Enrico Dandolo
31%
Japanese VI Hojo Tokimune
31%
Māori VI Kupe
31%
Mayan VI Lady Six Sky
31%
German VI Ludwig II
31%
Incan III Pachacuti
31%
Incan V Pachacuti
31%
Incan VI Pachacuti
31%
Shonshone V Pocatello
31%
Scythian VI Tomyris
31%
Assyrian V Ashurbanipal
28%
Vietnamese VI Bà Triệu
28%
Mapuche VI Lautaro
28%
Korean V Sejong
28%
Korean VI Sejong
28%
Nubian VI Amanitore
25%
Indian IV Asoka
25%
Indonesian VI Gitarja
25%
Egyptian IV Hatshepsut
25%
Mayan V Pacal
25%
Egyptian IV Ramesses II
25%
Egyptian V Ramesses II
25%
Egyptian VI Ramesses II
25%
Russian II Vladimir Lenin
25%
Songhai V Askia
22%
Persian VI Nader Shah
22%
Vikings III Ragnar
22%
Vikings IV Ragnar
22%
Korean VI Seondeok
22%
Celtic III Brennus
17%
Celtic IV Brennus
17%
Indonesian V Gajah Mada
17%
Khmer VI Jayavarman VII
17%
Kongolese VI Mvemba a Nzinga
17%
Gallic VI Ambiorix
14%
German II Frederick II
14%
German IV Frederick II
14%
Ottoman III Osman
14%
Malian VI Sundiata Keita
14%
Moroccoan V Ahmad al-Mansur
11%
Roman II Livia
11%
Kongolese VI Nzinga Mbande
11%
Siamese V Ramkhamhaeng
11%
Zulu II Shakala
11%
Vikings II Canute
6%
Mayan IV Pacal II
6%
Mongolian III Temujin
6%
Korean III Wang Kon
6%
Korean IV Wang Kon
6%
Arabian III Abu Bakr
3%
Incan IV Huayna Capac
3%
French II Joan d'Arc
3%
French III Joan d'Arc
3%
Aztec II Nazca
3%
Sioux II Sacajawea
3%
Persian II Scheherezade
3%
Mayan III Smoke-Jaguar
3%
Ethiopian IV Zara Yaqob
3%
Japanese II Amaterasu
0%
Mongolian II Bortei
0%
Celtic II Cunobelin
0%
Vikings II Gunnhild
0%
Greek II Hippolyta
0%
Babylonian II Ishtari
0%
Hittites III Mursilis
0%
Portuguese III Prince Henry
0%
Khmer IV Suryavarman II
0%
No matching quizzes found
Score Distribution
Percent of People with Each Score
Percentile by Number Answered
Your Score History
You have not taken this quiz since the last reset